Harry Potter: le Maléfice du Saucisson - Statistiques

Statistiques générales
  • Ce quiz a été pris 49 fois
  • Le résultat moyen est 6 sur 13
Statistiques - réponses
Information Réponses % Correct
Personne l'ayant subit Harry Potter
83%
Première apparition Harry Potter à l'école des sorciers
76%
Dernière apparition Harry Potter et les Reliques de la Mort
74%
Personne l'ayant subit Neville Londubat
74%
Formule Petrificus Totalus
62%
Personne l'ayant subit Severus Rogue
43%
Type de sort Malédiction
36%
Personne l'ayant subit Antonin Dolohov
24%
Effet Paralyse la personne visée
24%
Personne l'ayant subit Vincent Crabbe
21%
Personne l'ayant subit Fenrir Greyback
12%
Personne l'ayant subit Gilbert Bingley
12%
Personne l'ayant subit Corban Yaxley
10%
Aucun quiz correspondant
Distribution des résultats
% des personnes avec chaque résultat
Percentile par nombre de réponses
Votre historique - résultats
Vous n’avez pas pris ce quiz